000 01358nam a2200313 i 4500
001 184004
003 ES-MaACL
005 20230906222026.0
008 150206s2001 sp aop |||| |dspa d
020 _a84-931127-8-X
080 _a75.057
080 _a75.033
080 _a091 Beato de Liébana, Santo
080 _a091 Beato de Tábara
080 _a091.01(460.184 Tábara)
100 1 _aRegueras Grande, Fernando.
_9156140
245 1 0 _aScriptorium
_b: Tábara visigoda y mozárabe /
_cFernando Regueras Grande y Hermenegildo García-Aráez Ferrer.
260 _a[S.l. :
_bAyuntamiento de Tábara :
_bCentro de Estudios Benaventanos "Ledo del Pozo" :
_bParroquia de Tábara],
_c[2001] (
_eSalamanca)
300 _a183 p. :
_bil. col., fot. ;
_c28 cm.
504 _aBibliografía: p. 175-183.
594 _aPublicado con motivo de la exposición "Scriptorium, Tábara visigoda y mozárabe"
600 0 7 _aBeato de Liébana
_cSanto.
_9156301
630 0 7 _aBeato de Tábara.
_9156299
650 7 _aIluminación de manuscritos-
_zEspaña.
_9145370
650 4 _aManuscritos miniados.
_9151000
700 1 _aGarcía-Aráez Ferrer, Hermenegildo.
_9156300
710 2 _aCentro de Estudios Benaventanos "Ledo del Pozo"
_9144530
852 _aES-MaACL
_jB-466
_z. - enc. en tela granate
_z. - Donat. Centro de Estudios Benaventanos "Ledo del Pozo"
999 _c184004
_d184004